000 00956cam a2200289 a 4500
001 17431744
003 ARRUPE
005 20140606171306.0
008 120815s2012 njua b 001 0 eng
010 _a 2012470035
020 _a9789814324564
020 _a9814324566
040 _aDLC
_cDLC
_dDLC
042 _apcc
050 0 0 _aQC174.12
_b.M34 2012
082 0 0 _a530.12
_223
100 1 _aMalin, Shimon,
_d1937-
_910729
245 1 0 _aNature loves to hide :
_bquantum physics and the nature of reality, a western perspective /
_cShimon Malin.
250 _aRev. ed.
260 _aNew Jersey :
_bWorld Scientific,
_cc2012.
300 _axv, 290 p. :
_bill. ;
_c25 cm.
504 _aIncludes bibliographical references (p. 275-277) and index.
650 0 _aQuantum theory
_xPhilosophy.
_910730
906 _a7
_bcbc
_corigcop
_d2
_encip
_f20
_gy-gencatlg
942 _2lcc
_cMONOGRAPH
999 _c120667
_d120667